| 000 | 00505nam a2200181 a 4500 | ||
|---|---|---|---|
| 005 | 20250301063803.0 | ||
| 008 | 030620s1975 mx r 000 0 spa d | ||
| 035 | _aUPN01000126452 | ||
| 049 | _aSEP | ||
| 050 | 4 |
_aAC75 _bS4 no.227 |
|
| 100 | 1 |
_aChabaud, Jacqueline _931443 |
|
| 245 | 1 | 0 |
_aEducación y promoción de la mujer / _cJacqueline Chabaud. |
| 260 |
_aMéxico : _bSEP, _c1975. |
||
| 300 |
_a174 P. : _bil. |
||
| 440 | 0 |
_aSepSetentas ; _v227 |
|
| 650 | 4 |
_aMujeres _xEducación _9182 |
|
| 905 | _aLibro | ||
| 999 |
_c98631 _d98631 |
||